000 00543nam a2200205 4500
003 OSt
005 20240621082318.0
006 a
008 240621b |||||||| |||| 00| 0 eng d
020 _a9715100112
040 _aDWCL-Main lib.
_cOC
082 _aCirc. 282 H477u 1987
100 _aHellwig, Monika K.
245 _aUnderstanding Catholicism /
260 _aManila :
_bDivine Word Pub.,
_cc1987.
300 _b200p. ;
_c20 cm.
504 _aIncludes index.
650 _a1. Catholic church I.
942 _2ddc
_n0
_cBK-CIRC
_kCirc.
999 _c1103
_d1103